Etiqueta de registo: 00942ckc 2200253 450
001 1023243
003 http://id.bnportugal.gov.pt/bib/catbnp/1023243
005 20020508120700.0
100 ## $a20000526d1977 am y0pory0103 ba
101 0# $apor
102 ## $aPT
200 1# $aFestival popular do 25 de Abril$bVisual gráfico]$e uma iniciativa da FAPIR (Frente de Artistas Populares e Intelectuais Revolucionários)
210 #9 $aPorto$cFAPIR,$d1977
215 ## $a2 cartazes$ccolor.
317 ## $aColeção Madeira Luís$5PTBN: CT. 14821 A.
317 ## $aColeção Madeira Luís$5PTBN: CT. 6351 R.
675 ## $a323.2(469.121)"1977"(084.5)$vBN$zpor$31040208
675 ## $a766(=1:469)"197"(084.5)$vBN$zpor$31270858
710 12 $aFestival Popular do 25 de Abril,$ePorto,$f1977$31040229
712 02 $aFAPIR$4557$3942773
801 #0 $aPT$bBN$gRPC
856 40 $uhttps://purl.pt/8657
856 41 $uhttps://purl.pt/8657/service/media/cover/low
958 ## $aBND$bInterno$cDigitalizado
966 ## $lBN$mICONOG$nDim. fol.: 70x49 cm$sCT. 2115 R.$x0
966 ## $lBN$mICONOG$nDim. fol.: 65x38 cm$sCT. 2465 A.$x0
966 ## $lBN$mICONOG$pFrancisco Madeira Luís$sCT. 6351 R.$x3
966 ## $lBN$mICONOG$pFrancisco Madeira Luís$sCT. 14821 A.$x3